African Geography by Letter - S #1 - Statistics

General Stats
  • This quiz has been taken 796 times
    721 since last reset
  • The average score is 14 of 20
Answer Stats
Hint Answer % Correct
Largest desert Sahara
100%
Easternmost mainland country Somalia
96%
Canal in Egypt Suez Canal
95%
Westernmost mainland country Senegal
94%
Youngest UN member South Sudan
93%
Counter-part of the Príncipe island São Tomé
91%
Biggest city in Tanzania Dar es {Salaam}
86%
Peninsula once controlled by Israel Sinai
86%
Richest country in Africa Seychelles
81%
Equatorial Guinea's official language Spanish
78%
Lingua franca of Kenya Swahili
77%
Its name means "Lion Mountains" Sierra Leone
68%
Colonial capital of the above or a major city in Missouri Saint-Louis
57%
Object that appears on Kenya's and Eswatini's flags Shield / Spear
57%
Gambia's nickname, named for how "happy" it is {Smiling} Coast
55%
Semi-arid zone along the southern edge of the above Sahel
49%
Yemeni island that geographically is part of Africa Socotra
42%
Africa's third-tallest mountain, named for a British explorer Mount {Stanley}
32%
Term for a person from that country Seychellois
31%
Former name of Harare, named for an English city in Wiltshire Salisbury
29%
No matching quizzes found
Score Distribution
Percent of People with Each Score
Percentile by Number Answered
Your Score History
You have not taken this quiz since the last reset